| 000 | 00406nam a2200157Ia 4500 | ||
|---|---|---|---|
| 005 | 20250430043926.0 | ||
| 008 | 240331s9999 xx 000 0 und d | ||
| 020 | _a9559595229 | ||
| 082 |
_bWEE _a891 |
||
| 100 | _aWeerasinghe,T | ||
| 245 | 0 | _aAdaraneeya deviyanwahanse saha andhakara rathriya | |
| 260 |
_aNugegoda _bPiyasri Printers _c1999 |
||
| 300 | _a87 p ., | ||
| 650 | _aSinhala Fiction | ||
| 942 | _cL | ||
| 999 |
_c4886 _d4886 |
||